000 00430cam a2200169ua 4500
020 _c2.00
041 _amal
_h
082 _a414
_bGOP/AP
100 _aGopala Pillai, K N .
245 _aApasabdasodhini /
_cK N Gopala Pillai.
_hTextual Documents
260 _aKottayam :
_bSahitya Pravarthaka Co-operative Society ,
_c1964.
300 _a144 ; .
365 _a2.00
504 _a
942 _cBK
999 _c5023
_d5023